Fooled you! : (Record no. 1846)

MARC details
000 -LEADER
fixed length control field 01315cam a2200337 a 4500
001 - CONTROL NUMBER
control field 1846
003 - CONTROL NUMBER IDENTIFIER
control field FISKH
005 - DATE AND TIME OF LATEST TRANSACTION
control field 20231009151532.0
008 - FIXED-LENGTH DATA ELEMENTS--GENERAL INFORMATION
fixed length control field 041118s2005 nyua j b 001 0deng
010 ## - LIBRARY OF CONGRESS CONTROL NUMBER
LC control number 2004060732
020 ## - INTERNATIONAL STANDARD BOOK NUMBER
International Standard Book Number 9780805075281 (alk. paper)
020 ## - INTERNATIONAL STANDARD BOOK NUMBER
International Standard Book Number 0805075283 (alk. paper)
040 ## - CATALOGING SOURCE
Original cataloging agency DLC
Transcribing agency DLC
Modifying agency DLC
Language of cataloging eng
050 00 - LIBRARY OF CONGRESS CALL NUMBER
Classification number CT9980
Item number .P37 2005
082 00 - DEWEY DECIMAL CLASSIFICATION NUMBER
Classification number 001.9/5
Edition number 22
100 1# - MAIN ENTRY--PERSONAL NAME
Personal name Pascoe, Elaine.
245 10 - TITLE STATEMENT
Title Fooled you! :
Remainder of title fakes and hoaxes through the years /
Statement of responsibility, etc. Elaine Pascoe ; with illustrations by Laurie Keller.
250 ## - EDITION STATEMENT
Edition statement 1st ed.
260 ## - PUBLICATION, DISTRIBUTION, ETC.
Place of publication, distribution, etc. New York :
Name of publisher, distributor, etc. Scholastic,
Date of publication, distribution, etc. 2005.
300 ## - PHYSICAL DESCRIPTION
Extent 86 pages :
Other physical details illustrations ;
Dimensions 22 cm.
504 ## - BIBLIOGRAPHY, ETC. NOTE
Bibliography, etc. note Z<br/>
521 8# - TARGET AUDIENCE NOTE
Target audience note 1000<br/>
Source Lexile<br/>
521 8# - TARGET AUDIENCE NOTE
Target audience note Z<br/>
Source Raz-Plus<br/>
650 #0 - SUBJECT ADDED ENTRY--TOPICAL TERM
Topical term or geographic name entry element Impostors and imposture
Form subdivision Juvenile literature.
700 1# - ADDED ENTRY--PERSONAL NAME
Personal name Keller, Laurie.
Relator term illustrator
856 42 - ELECTRONIC LOCATION AND ACCESS
Materials specified Contributor biographical information
Uniform Resource Identifier <a href="http://www.loc.gov/catdir/enhancements/fy0618/2004060732-b.html">http://www.loc.gov/catdir/enhancements/fy0618/2004060732-b.html</a>
856 42 - ELECTRONIC LOCATION AND ACCESS
Materials specified Publisher description
Uniform Resource Identifier <a href="http://www.loc.gov/catdir/enhancements/fy0618/2004060732-d.html">http://www.loc.gov/catdir/enhancements/fy0618/2004060732-d.html</a>
906 ## - LOCAL DATA ELEMENT F, LDF (RLIN)
a 7
b cbc
c orignew
d 1
e ocip
f 20
g y-gencatlg
942 ## - ADDED ENTRY ELEMENTS (KOHA)
Source of classification or shelving scheme Dewey Decimal Classification
Koha item type Books
Suppress in OPAC No
Holdings
Withdrawn status Lost status Source of classification or shelving scheme Damaged status Not for loan Collection Home library Current library Shelving location Date acquired Total Checkouts Full call number Barcode Date last seen Price effective from Koha item type
    Dewey Decimal Classification     Non-Fiction Footprints International School Library Network Toul Kork Campus Footprints International School Library Network Toul Kork Campus   10/04/2023   PAS 001.9/5 CT9980 FISTK05499 10/04/2023 10/04/2023 Books